Juzgar con perspectiva de protección de la infancia y la adolescencia en la jurisprudencia del Tribunal Supremo : (Registro nro. 232718)
[ vista simple ]
| 000 -CABECERA | |
|---|---|
| campo de control de longitud fija | 00817naa a22002177i 4500 |
| 001 - NÚMERO DE CONTROL | |
| campo de control | 232718 |
| 003 - IDENTIFICADOR DEL NÚMERO DE CONTROL | |
| campo de control | ES-MaBCM |
| 005 - FECHA Y HORA DE LA ÚLTIMA TRANSACCIÓN | |
| campo de control | 20260323103041.0 |
| 008 - CÓDIGOS DE INFORMACIÓN DE LONGITUD FIJA | |
| campo de control de longitud fija | 260323s2026 sp ||||| |||| 00| 0 spa d |
| 040 ## - FUENTE DE LA CATALOGACIÓN | |
| Centro transcriptor | ES-MaBCM |
| 100 1# - PUNTO DE ACCESO PRINCIPAL - NOMBRE DE PERSONA | |
| Nombre de persona | Magro Servet, Vicente |
| 9 (RLIN) | 28353 |
| 245 10 - MENCIÓN DE TÍTULO | |
| Título | Juzgar con perspectiva de protección de la infancia y la adolescencia en la jurisprudencia del Tribunal Supremo : |
| Resto del título | (SSTS 75/2026, de 4 de febrero, y 109/2026, de 10 de febrero) |
| Mención de responsabilidad etc. | Vicente Magro Servet |
| 650 #7 - PUNTO DE ACCESO ADICIONAL DE MATERIA--TÉRMINO DE MATERIA | |
| Término de materia o nombre geográfico como elemento inicial | Malos tratos |
| 9 (RLIN) | 91087 |
| 650 #7 - PUNTO DE ACCESO ADICIONAL DE MATERIA--TÉRMINO DE MATERIA | |
| Término de materia o nombre geográfico como elemento inicial | Víctima |
| 9 (RLIN) | 60616 |
| 650 #7 - PUNTO DE ACCESO ADICIONAL DE MATERIA--TÉRMINO DE MATERIA | |
| Término de materia o nombre geográfico como elemento inicial | Menor |
| 9 (RLIN) | 59388 |
| 650 #7 - PUNTO DE ACCESO ADICIONAL DE MATERIA--TÉRMINO DE MATERIA | |
| Término de materia o nombre geográfico como elemento inicial | Juicio |
| 9 (RLIN) | 59121 |
| 650 #7 - PUNTO DE ACCESO ADICIONAL DE MATERIA--TÉRMINO DE MATERIA | |
| Término de materia o nombre geográfico como elemento inicial | Protección de la infancia |
| 9 (RLIN) | 59955 |
| 650 #0 - PUNTO DE ACCESO ADICIONAL DE MATERIA--TÉRMINO DE MATERIA | |
| Término de materia o nombre geográfico como elemento inicial | Derechos del niño |
| 9 (RLIN) | 121577 |
| 773 0# - ENLACE AL DOCUMENTO FUENTE | |
| Lugar editor y fecha de publicación | Las Rozas, Madrid |
| Parte(s) relacionada(s) | N. 10900 (10 de marzo de 2026) - Loc. En línea |
| Título | Diario La Ley |
| Número de control del registro relacionado | 213918 |
| 942 ## - ELEMENTOS DE PUNTO DE ACCESO ADICIONAL (KOHA) | |
| Fuente del sistema de clasificación o colocación | Universal Decimal Classification |
| Tipo de ítem Koha | Artículos de revistas |
| Estado de retiro | Estado de pérdida | Fuente del sistema de clasificación o colocación | Estado dañado | No para préstamo | Localización permanente | Ubicación/localización actual | Ubicación en estantería | Fecha de adquisición | Total de préstamos | Fecha visto por última vez | Precio válido a partir de | Tipo de ítem Koha |
|---|---|---|---|---|---|---|---|---|---|---|---|---|
| Universal Decimal Classification | Biblioteca Central del Ministerio de la Presidencia | Biblioteca Central del Ministerio de la Presidencia | Sala | 23/03/2026 | 23/03/2026 | 23/03/2026 | Artículos de revistas |
